00582nam a2200169Ia 450000500170000000800410001702000150005808200160007310000160008924501070010526000410021230000280025365000130028194200060029495200970030099900150039720250213004605.0240331s9999 xx 000 0 und d a8170131405 bDESa954.93 aDeSilva,C.R 0aCeylon under the British occupation 1795-1833 :bits political,administrative and economic development aNew DelhibNavarang Publishersc1995 avii, 639 p ., ( V - II) aEconomic cL 001040708LaWERCLbWERCLcSSCd2024-03-31l0o 954.9 DESp5086r2024-03-31w2024-03-31yL c3493d3493